| 000 | 00467nam a22001817a 4500 | ||
|---|---|---|---|
| 005 | 20240902133412.0 | ||
| 008 | 240902b |||||||| |||| 00| 0 eng d | ||
| 020 | _a978-1-7182-0855-1 | ||
| 041 | _aeng | ||
| 082 | _a613.7 HAF | ||
| 100 |
_aHAFF,G.GREGORY AND DUMKE, CHARLES _98492 |
||
| 245 | _aLABORATORY MANUAL FOR EXERCISE PHYSIOLOGY | ||
| 250 | _a3RD ED. | ||
| 260 |
_aU.S.A _b HUMAN KINETICS _c2023 |
||
| 300 | _a499;P | ||
| 650 |
_aBMLT _98487 |
||
| 942 | _cBK | ||
| 999 |
_c8624 _d8622 |
||